000 00727nas a2200253 4500
001 BR9213550
003 BR-BrBNA
005 20231205095151.0
007 ta
008 230509b bl.|||p| |||| 00| 00por d
040 _aBR-BrBNA
_bpor
_cBiblioteca Nacional de Agricultura
041 _a(Pt)
072 _aK50
100 1 _aWorster, H.E.
100 1 _aBugejer, S.
245 1 _aClorato resultante do branqueamento com dioxido de cloro - uma revisao bibliografica
650 _aCelulose
650 _aIndustria
650 _aCloro
650 _aClarificacao
773 0 _tPapel (Brazil)
_xISSN 0031-1057
_g(Jan 1990), v. 51(1) p. 49-52
_wBR9213550
909 _a202311
_bLúcia
_c55
_dLúcia Elande
942 _2AGRIS
_n0
_cANA
999 _c149029
_d149029